<The> European Commission 1973-86 history and memories of an institution

Guardado en:
Detalles Bibliográficos
Autor Corporativo: European Commission
Otros Autores: Bussière, Éric, Dujardin, Vincent, Dumoulin, Michel
Formato: Libro
Lenguaje:inglés
Publicado: Luxembourg Publications Office of the European Union 2014
Materias:
Etiquetas: Agregar Etiqueta
Sin Etiquetas, Sea el primero en etiquetar este registro!

MARC

LEADER 00000nam a2200000 4500
001 0190280
005 20240229084757.3
020 |a 978-92-79-28964-4 
020 |a 978-92-79-29023-7 
041 0 |a eng 
044 |a LU 
245 1 0 |a <The> European Commission 1973-86  |b history and memories of an institution  |c editors: Éric Bussière ... [et al.] 
264 1 |a Luxembourg  |b Publications Office of the European Union  |c 2014 
300 |a 658 s. 
610 2 0 |a Európska komisia 
610 2 0 |a história 
610 2 0 |a dejiny 
700 1 |a Bussière, Éric 
700 1 |a Dujardin, Vincent 
700 1 |a Dumoulin, Michel 
710 2 |a European Commission